[Event "12. Lichtenberger Sommer"]
[Site "Berlin"]
[Date "2013.07.20"]
[Round "1.1"]
[White "Meister, Jakob"]
[Black "Möller, Dustin"]
[Result "1-0"]
[WhiteElo "2517"]
[BlackElo "1793"]
[PlyCount "81"]
[EventDate "2013.??.??"]
[WhiteTeam "SK Zehlendorf e.V."]
[BlackTeam "Eckernförder SC von 1921"]

1. e4 e5 2. Nf3 Nc6 3. Bb5 a6 4. Ba4 Nf6 5. Qe2 b5 6. Bb3 Be7 7. d4 d6 8. c3
O-O 9. O-O Bb7 10. Rd1 Qc8 11. Nbd2 Nd7 12. a4 exd4 13. cxd4 Nb6 14. axb5 axb5
15. Rxa8 Qxa8 16. Qxb5 Qa5 17. Qxa5 Nxa5 18. Bc2 Nc6 19. Nf1 Nb4 20. Bb1 Ra8
21. Bd2 d5 22. e5 Nc4 23. Bc3 Na2 24. Bxa2 Rxa2 25. b3 Rc2 26. bxc4 Rxc3 27.
Rb1 Bc6 28. c5 Ra3 29. Ne3 g6 30. h3 Kg7 31. g4 Rd3 32. Rb8 Ra3 33. Rb1 Rd3 34.
Kf1 Ra3 35. Kg2 Ba8 36. Nc2 Rc3 37. Rb8 Rxc2 38. Rxa8 Rb2 39. Rc8 Rb7 40. Re8
Bf8 41. Rd8 1-0

[Event "12. Lichtenberger Sommer"]
[Site "Berlin"]
[Date "2013.07.20"]
[Round "1.2"]
[White "Graf, Anton"]
[Black "Rabiega, Robert"]
[Result "0-1"]
[WhiteElo "1830"]
[BlackElo "2506"]
[PlyCount "66"]
[EventDate "2013.??.??"]
[WhiteTeam "OSG Baden-Baden"]
[BlackTeam "SK König Tegel 1949 e.V."]

1. e4 e5 2. Nf3 Nc6 3. Bc4 Nf6 4. d4 exd4 5. O-O Nxe4 6. Re1 d5 7. Bxd5 Qxd5 8.
Nc3 Qh5 9. Nxe4 Be6 10. Neg5 O-O-O 11. Nxe6 fxe6 12. Rxe6 Bd6 13. Bd2 Rhf8 14.
h3 Qf5 15. Qe1 Qxc2 16. Bg5 Bb4 17. Rxc6 bxc6 18. Qxb4 Rxf3 19. gxf3 Qg6 20. f4
h6 21. Qd2 hxg5 22. fxg5 Qf5 23. Kg2 c5 24. b3 Re8 25. Kg3 Re4 26. Rf1 Kd7 27.
f3 Re3 28. h4 Qe5+ 29. Kg4 g6 30. Qc2 Qe6+ 31. Kg3 Qd6+ 32. Kg4 d3 33. Qd2 Re2
0-1

[Event "12. Lichtenberger Sommer"]
[Site "Berlin"]
[Date "2013.07.20"]
[Round "1.3"]
[White "Stern, Rene"]
[Black "Willich, Manfred"]
[Result "1-0"]
[WhiteElo "2504"]
[BlackElo "1981"]
[PlyCount "115"]
[EventDate "2013.??.??"]
[WhiteTeam "SK König Tegel 1949 e.V."]
[BlackTeam "SK Turm Bad Hersfeld"]

1. d4 Nf6 2. c4 e6 3. Nc3 Bb4 4. Bd2 O-O 5. Nf3 b6 6. e3 Bb7 7. Bd3 d5 8. O-O
Nbd7 9. Nxd5 Bxd2 10. Nxf6+ Nxf6 11. Nxd2 c5 12. Nb3 Qc7 13. Qe2 Rfd8 14. Rfd1
Rd7 15. f3 Rad8 16. dxc5 bxc5 17. Bc2 h5 18. Qe1 Qe5 19. Qc3 Qg5 20. Rxd7 Rxd7
21. Bd1 h4 22. Be2 Nh5 23. Kf2 Ng3 24. Bd3 Nf5 25. Re1 h3 26. g3 Qh5 27. Be2
Nd6 28. Rf1 Bc6 29. Nc1 Qf5 30. Kg1 Qg5 31. Nb3 Nb7 32. Rd1 Rxd1+ 33. Bxd1 Qd8
34. Be2 Qd6 35. Qd2 Qe7 36. e4 e5 37. Qe3 Qd6 38. Kf2 a5 39. Qd2 Qxd2 40. Nxd2
a4 41. Bf1 Bd7 42. g4 Be6 43. Bxh3 Na5 44. Bf1 g6 45. h4 Kg7 46. Ke3 f6 47. Be2
Kf7 48. a3 Ke7 49. f4 Kd6 50. f5 Bf7 51. g5 fxg5 52. hxg5 Ke7 53. Bd1 Bxc4 54.
Bxa4 Bf7 55. b4 cxb4 56. axb4 Nb7 57. f6+ Kd6 58. Bb5 1-0

[Event "12. Lichtenberger Sommer"]
[Site "Berlin"]
[Date "2013.07.20"]
[Round "1.4"]
[White "Revinelli, Sergio"]
[Black "Kalinitschew, Sergey"]
[Result "0-1"]
[WhiteElo "1829"]
[BlackElo "2442"]
[PlyCount "102"]
[EventDate "2013.??.??"]
[WhiteTeam "C.S. Veduggio"]
[BlackTeam "SC Kreuzberg e.V."]

1. e4 c5 2. Nf3 Nc6 3. d4 cxd4 4. Nxd4 e5 5. Nb5 d6 6. c4 Be7 7. Be2 a6 8. N5c3
f5 9. exf5 Bxf5 10. Bd3 Qd7 11. Nd5 Bd8 12. O-O Nf6 13. Nbc3 O-O 14. Nxf6+ Bxf6
15. Bxf5 Qxf5 16. Qd5+ Kh8 17. a3 Rad8 18. Be3 Qc2 19. Rfc1 Qg6 20. Qe4 Qf7 21.
Nd5 Rde8 22. Rd1 Bd8 23. Rd2 Qh5 24. f3 Bg5 25. Rad1 Nd4 26. Qg4 Bxe3+ 27. Nxe3
Qh6 28. Nd5 Re6 29. Rf2 Rg6 30. Qe4 Qh5 31. Rd3 Ne6 32. Qe2 Rh6 33. g3 Nd4 34.
Qe4 Ne6 35. f4 Nc5 36. Qe3 Nxd3 37. Qxd3 Re6 38. Qe4 Ree8 39. Nc7 Re7 40. Nd5
Ref7 41. Kg2 exf4 42. Nxf4 Qe5 43. Qc2 Qc5 44. Re2 Qc6+ 45. Nd5 b5 46. b3 bxc4
47. bxc4 Qc5 48. a4 Qa3 49. Nf4 Qa1 50. Kh3 Qf1+ 51. Kg4 Rxf4+ 0-1

[Event "12. Lichtenberger Sommer"]
[Site "Berlin"]
[Date "2013.07.20"]
[Round "1.5"]
[White "Werner, Justus"]
[Black "Ross, Chris N"]
[Result "0-1"]
[WhiteElo "1737"]
[BlackElo "2240"]
[PlyCount "50"]
[EventDate "2013.??.??"]
[WhiteTeam "SG Blau-Weiß Stadtilm"]
[BlackTeam "Schachgemeinschaft Niederkassel"]

1. c4 e5 2. Nc3 Nc6 3. g3 g6 4. Bg2 Bg7 5. e3 d6 6. Nge2 f5 7. O-O Nf6 8. d4 e4
9. Nf4 O-O 10. Nfd5 Ne7 11. Nxf6+ Bxf6 12. Nd5 Bg7 13. Qb3 c6 14. Nxe7+ Qxe7
15. Bd2 Be6 16. Qa4 Qf7 17. Rac1 Rfd8 18. Rc2 c5 19. d5 Bd7 20. Qb3 Rdb8 21.
Qa3 b5 22. Ba5 b4 23. Qb3 Qe8 24. a3 Ba4 25. Qa2 b3 0-1

[Event "12. Lichtenberger Sommer"]
[Site "Berlin"]
[Date "2013.07.20"]
[Round "1.6"]
[White "Von Herman, Ulf"]
[Black "Deutschbein, Christopher"]
[Result "1-0"]
[WhiteElo "2392"]
[BlackElo "2003"]
[PlyCount "101"]
[EventDate "2013.??.??"]
[WhiteTeam "SK König Tegel 1949 e.V."]
[BlackTeam "Bille SC von 1924 e.V."]

1. c4 Nf6 2. Nc3 c5 3. Nf3 Nc6 4. e3 d5 5. d4 dxc4 6. Bxc4 cxd4 7. exd4 e6 8.
O-O Be7 9. a3 O-O 10. Re1 Nd5 11. Qd3 a6 12. Bd2 b5 13. Bb3 Bb7 14. Nxd5 exd5
15. Rac1 Rc8 16. Re2 Bf6 17. Rce1 Kh8 18. h3 Rc7 19. Ne5 Re7 20. f4 Kg8 21. Kh2
Rfe8 22. Rc1 Na5 23. Bc2 g6 24. Bb4 Re6 25. f5 Bxe5+ 26. dxe5 Rxe5 27. Rxe5
Rxe5 28. Bc3 Re8 29. Qd4 f6 30. fxg6 hxg6 31. Bxg6 Nb3 32. Qh4 Qc7+ 33. Kh1 d4
34. Bxe8 Nxc1 35. Bxd4 Qg7 36. Qg4 Qxg4 37. hxg4 Kg7 38. Kh2 Nd3 39. Kg3 Be4
40. Bh5 Bg6 41. b4 Ne1 42. Kf2 Nc2 43. Bb2 Kh6 44. Bxg6 Kxg6 45. Ke2 Kg5 46.
Kd2 Nxa3 47. Bxa3 Kxg4 48. Ke2 Kg3 49. Kf1 f5 50. Bb2 Kf4 51. Bc1+ 1-0

[Event "12. Lichtenberger Sommer"]
[Site "Berlin"]
[Date "2013.07.20"]
[Round "1.8"]
[White "Brüdigam, Martin"]
[Black "Bauder, Herbert"]
[Result "1-0"]
[WhiteElo "2312"]
[BlackElo "1932"]
[PlyCount "67"]
[EventDate "2013.??.??"]
[WhiteTeam "USV Potsdam e.V., Abt. Schach"]
[BlackTeam "SG Lasker Steglitz-Wilmersdorf"]

1. e4 c5 2. Nf3 Nc6 3. d4 cxd4 4. Nxd4 Nf6 5. Nc3 e5 6. Ndb5 d6 7. Bg5 a6 8.
Na3 b5 9. Bxf6 gxf6 10. Nd5 Bg7 11. c3 f5 12. exf5 Bxf5 13. Nc2 O-O 14. Nce3
Be6 15. Bd3 f5 16. O-O Ne7 17. Nxe7+ Qxe7 18. Bxf5 Bxf5 19. Nxf5 Qf6 20. Qd5+
Kh8 21. Ng3 Rad8 22. a4 Qf7 23. Qc6 Qb3 24. axb5 axb5 25. Ra7 Qg8 26. Qxb5 Rb8
27. Qe2 Rf7 28. Rxf7 Qxf7 29. Rd1 Rd8 30. c4 d5 31. cxd5 Rxd5 32. Rxd5 Qxd5 33.
Ne4 Qc6 34. g3 1-0

[Event "12. Lichtenberger Sommer"]
[Site "Berlin"]
[Date "2013.07.20"]
[Round "1.11"]
[White "Kuckel, Andreas"]
[Black "Friedrich, Wiede"]
[Result "1-0"]
[WhiteElo "1937"]
[BlackElo "2253"]
[PlyCount "69"]
[EventDate "2013.??.??"]
[WhiteTeam "SV Motor Wildau e.V."]
[BlackTeam "USV Potsdam e.V., Abt. Schach"]

1. Nf3 Nf6 2. c4 e6 3. g3 b6 4. Bg2 Bb7 5. O-O d5 6. cxd5 exd5 7. Nc3 Bd6 8. d4
O-O 9. Bg5 Re8 10. Qc2 h6 11. Bf4 Bxf4 12. gxf4 c5 13. e3 Nc6 14. Rfd1 Rc8 15.
Qf5 Ne7 16. Qd3 Ne4 17. Ne5 cxd4 18. Nxe4 dxe4 19. Bxe4 Bxe4 20. Qxe4 Ng6 21.
Qf5 Rxe5 22. fxe5 Nh4 23. Qg4 Rc6 24. Rxd4 Qg5 25. Qxg5 hxg5 26. Rd8+ Kh7 27.
Rd7 Kg6 28. Rd6+ Rxd6 29. exd6 Kf6 30. Rd1 Nf3+ 31. Kg2 Nh4+ 32. Kh3 Kg6 33. d7
Kh5 34. d8=Q g6 35. Qh8# 1-0

[Event "12. Lichtenberger Sommer"]
[Site "Berlin"]
[Date "2013.07.20"]
[Round "1.12"]
[White "Petersen, Soren Boeck"]
[Black "Strehlow, Horst"]
[Result "1-0"]
[WhiteElo "2247"]
[BlackElo "2026"]
[PlyCount "33"]
[EventDate "2013.??.??"]
[WhiteTeam "Damhus Skakklub"]
[BlackTeam "SC Friesen Lichtenberg e.V."]

1. e4 e6 2. d4 d5 3. Nd2 Nf6 4. e5 Nfd7 5. Bd3 c5 6. c3 Nc6 7. Ne2 cxd4 8. cxd4
f6 9. exf6 Nxf6 10. Nf3 Bd6 11. O-O O-O 12. Bf4 Ng4 13. Bg3 Bxg3 14. Nxg3 e5
15. dxe5 Ncxe5 16. Nxe5 Nxe5 17. Bxh7+ 1-0

[Event "12. Lichtenberger Sommer"]
[Site "Berlin"]
[Date "2013.07.20"]
[Round "1.13"]
[White "Mc Aleenan, Charles"]
[Black "Sieglen, Joachim"]
[Result "0-1"]
[WhiteElo "1782"]
[BlackElo "2270"]
[PlyCount "66"]
[EventDate "2013.??.??"]
[WhiteTeam "Athenaeum Chess Club London"]
[BlackTeam "SC Untergrombach 46"]

1. d4 Nf6 2. Bf4 c5 3. e3 Qb6 4. Nc3 cxd4 5. exd4 e6 6. Nf3 Bb4 7. Bd3 Nd5 8.
Bd2 Nxc3 9. bxc3 Be7 10. h4 h6 11. Qc1 d6 12. Rb1 Qc7 13. c4 Nd7 14. Rh3 e5 15.
Rg3 Bf6 16. c3 b6 17. Qa3 Bb7 18. Kf1 e4 19. Re1 O-O-O 20. Bxe4 Qxc4+ 21. Kg1
Bxe4 22. Rxe4 Kb7 23. Re1 Nb8 24. Rb1 Nc6 25. Be3 Rhe8 26. Nd2 Qd5 27. Qb2 Na5
28. Rf3 Rc8 29. Qc2 Nc4 30. Nxc4 Qxc4 31. Qd2 Qxc3 32. Qxc3 Rxc3 33. Bxh6 Rxf3
0-1

[Event "12. Lichtenberger Sommer"]
[Site "Berlin"]
[Date "2013.07.20"]
[Round "1.14"]
[White "Lorenz, Sascha"]
[Black "Ritter, Uwe"]
[Result "1-0"]
[WhiteElo "2283"]
[BlackElo "1991"]
[PlyCount "53"]
[EventDate "2013.??.??"]
[WhiteTeam "SK König Tegel 1949 e.V."]
[BlackTeam "Reideburger SV 90 Halle"]

1. c4 e6 2. Nf3 f5 3. g3 Nf6 4. Bg2 c6 5. O-O d5 6. b3 Bd6 7. Ba3 O-O 8. Qc1 e5
9. cxd5 Nxd5 10. d3 Nf6 11. Bb2 e4 12. dxe4 Nxe4 13. Nc3 Nxc3 14. Qxc3 Qe7 15.
Rad1 Bc7 16. e3 Nd7 17. Qc1 Re8 18. Nd4 Qc5 19. Nxc6 Qxc1 20. Rxc1 Bb6 21. Nb4
Ne5 22. Rfd1 Ng4 23. Nd5 Be6 24. Nc7 Nxe3 25. fxe3 Bxe3+ 26. Kh1 Bxc1 27. Rxc1
1-0

[Event "12. Lichtenberger Sommer"]
[Site "Berlin"]
[Date "2013.07.20"]
[Round "1.15"]
[White "Getzuhn, Detlef"]
[Black "Moritz, Aron"]
[Result "0-1"]
[WhiteElo "1903"]
[BlackElo "2193"]
[PlyCount "42"]
[EventDate "2013.??.??"]
[WhiteTeam "SV Senat"]
[BlackTeam "Sfrd. Berlin 1903 e.V."]

1. e4 g6 2. d4 Bg7 3. f4 d6 4. Bc4 a6 5. a4 e6 6. Nf3 Nf6 7. Nbd2 d5 8. Bd3
dxe4 9. Nxe4 Nxe4 10. Bxe4 O-O 11. c3 Nd7 12. O-O Nf6 13. Bd3 b6 14. Qe2 Bb7
15. b3 Nd5 16. Bd2 c5 17. Rac1 cxd4 18. cxd4 Ne7 19. Ne5 Nf5 20. Bxf5 gxf5 21.
Be3 Bf6 0-1

[Event "12. Lichtenberger Sommer"]
[Site "Berlin"]
[Date "2013.07.20"]
[Round "1.16"]
[White "Boetzer, Detlef"]
[Black "Georgi, David"]
[Result "1-0"]
[WhiteElo "2275"]
[BlackElo "1696"]
[PlyCount "119"]
[EventDate "2013.??.??"]
[WhiteTeam "SC Rotation Pankow e.V."]
[BlackTeam "BSG Pneumant Fürstenwalde e.V."]

1. d4 d5 2. c4 e6 3. Nf3 Nf6 4. g3 Bd6 5. Bg2 O-O 6. O-O Nbd7 7. Nbd2 c5 8.
cxd5 exd5 9. dxc5 Nxc5 10. Nb3 Bf5 11. Be3 Rc8 12. Nbd4 Bd7 13. Rc1 Re8 14. Qc2
a5 15. Qb1 Rxe3 16. fxe3 Qe7 17. Nf5 Bxf5 18. Qxf5 Qxe3+ 19. Kh1 Re8 20. Rc2
Nce4 21. Ne1 Bxg3 22. Nd3 Qh6 23. Qh3 Qxh3 24. Bxh3 Bd6 25. Rfc1 Kf8 26. Rc8
Ng5 27. Rxe8+ Nxe8 28. Bc8 b5 29. Rc6 Ke7 30. Nc5 Ne6 31. Nb7 Nd4 32. Ra6 a4
33. Bg4 Bf4 34. Nc5 f5 35. Bh5 g6 36. Bf3 Nc7 37. Ra7 Kf6 38. Nd3 Bd6 39. Kg2
g5 40. h3 Nxf3 41. exf3 Ke6 42. Rb7 d4 43. Rb8 Kd5 44. Kf2 Kc4 45. Ke2 Ne6 46.
Rh8 Nf8 47. Rg8 Ng6 48. Rg7 Ne5 49. Nxe5+ Bxe5 50. Rxh7 d3+ 51. Kd2 Bf4+ 52.
Kd1 Kd4 53. h4 gxh4 54. Rxh4 Ke3 55. Rh5 Be5 56. Rxf5 Bxb2 57. Rxb5 Bg7 58. Ra5
Kxf3 59. Kd2 Ke4 60. Rxa4+ 1-0

[Event "12. Lichtenberger Sommer"]
[Site "Berlin"]
[Date "2013.07.20"]
[Round "1.17"]
[White "Salz, Matthias"]
[Black "Rietze, Clemens"]
[Result "0-1"]
[WhiteElo "1698"]
[BlackElo "2273"]
[PlyCount "48"]
[EventDate "2013.??.??"]
[WhiteTeam "SV Empor Berlin e.V."]
[BlackTeam "USV Potsdam e.V., Abt. Schach"]

1. c4 Nf6 2. g3 g6 3. Bg2 d5 4. cxd5 Nxd5 5. Nc3 Nb6 6. Nf3 Bg7 7. O-O Nc6 8.
d3 O-O 9. Bf4 h6 10. Qd2 Kh7 11. Rfc1 e5 12. Be3 Nd4 13. Ne4 Nd5 14. Nc5 b6 15.
Nb3 c5 16. Qd1 Bb7 17. Nbxd4 exd4 18. Bd2 Re8 19. b4 cxb4 20. Qa4 Qd6 21. Rc4
Rxe2 22. Bxb4 Nxb4 23. Rxb4 Qf6 24. Rf1 Bxf3 0-1

[Event "12. Lichtenberger Sommer"]
[Site "Berlin"]
[Date "2013.07.20"]
[Round "1.18"]
[White "Vogel, Robert"]
[Black "Knauer, Frank"]
[Result "1-0"]
[WhiteElo "2256"]
[BlackElo "1846"]
[PlyCount "59"]
[EventDate "2013.??.??"]
[WhiteTeam "SG Pang-Rosenheim 1910 e.V."]
[BlackTeam "FC ST.Pauli 1910 eV SAbt"]

1. d4 d6 2. c4 g6 3. Nc3 Bg7 4. e4 e5 5. dxe5 dxe5 6. Qxd8+ Kxd8 7. Bg5+ f6 8.
Rd1+ Nd7 9. Be3 c6 10. f4 Kc7 11. Nf3 Nh6 12. h3 Nf7 13. c5 exf4 14. Bxf4+ Nfe5
15. b4 Re8 16. Be2 a5 17. a3 axb4 18. axb4 Nf8 19. O-O Be6 20. Nd4 Bf7 21.
Ndb5+ cxb5 22. Nxb5+ Kb8 23. Nd6 Ra2 24. Bb5 Re7 25. Nxf7 Ne6 26. Bxe5+ fxe5
27. Bc4 Rb2 28. Bxe6 Rxe6 29. Rd7 Rxb4 30. Nd8 1-0

[Event "12. Lichtenberger Sommer"]
[Site "Berlin"]
[Date "2013.07.20"]
[Round "1.19"]
[White "Reichenbach, Werner"]
[Black "Hörmann, David"]
[Result "1-0"]
[WhiteElo "2279"]
[BlackElo "1907"]
[PlyCount "53"]
[EventDate "2013.??.??"]
[WhiteTeam "Schachclub Oberkrämer"]
[BlackTeam "SC Weisse Dame e.V."]

1. e4 c5 2. Nc3 d6 3. f4 Nc6 4. Nf3 Nf6 5. Bb5 e6 6. Bxc6+ bxc6 7. d3 d5 8. O-O
Be7 9. b3 O-O 10. Bb2 Ng4 11. Qe1 f5 12. exf5 exf5 13. h3 Nf6 14. Ne5 Qc7 15.
Qf2 Bd6 16. Na4 d4 17. c3 Bxe5 18. fxe5 Qxe5 19. cxd4 cxd4 20. Bxd4 Qb5 21. Nc5
Nd7 22. Ne6 c5 23. Bxg7 Nf6 24. Qg3 Bxe6 25. Bxf6+ Kf7 26. Qg7+ Ke8 27. Qe7#
1-0

[Event "12. Lichtenberger Sommer"]
[Site "Berlin"]
[Date "2013.07.20"]
[Round "1.21"]
[White "Schneider, Christian"]
[Black "Zenkner, Christian"]
[Result "1-0"]
[WhiteElo "2221"]
[BlackElo "1909"]
[PlyCount "105"]
[EventDate "2013.??.??"]
[WhiteTeam "SG Blau-Weiß Stadtilm"]
[BlackTeam "SV Bad Bentheim"]

1. e4 d5 2. Nc3 dxe4 3. Nxe4 e5 4. Bc4 Nf6 5. Ng5 Be6 6. Bxe6 fxe6 7. Nxe6 Qd6
8. Nxf8 Rxf8 9. d3 Nc6 10. Nh3 O-O-O 11. O-O h6 12. f3 g5 13. Nf2 Qd4 14. c3
Qh4 15. Ne4 Ne7 16. Be3 g4 17. Bf2 Qh5 18. Nxf6 Rxf6 19. fxg4 Qg6 20. Bh4 Rxd3
21. Rxf6 Rxd1+ 22. Rxd1 Qg7 23. h3 b6 24. Rdf1 Nd5 25. Rf8+ Kb7 26. Bg3 Qe7 27.
R8f5 Qc5+ 28. Bf2 Qd6 29. Rd1 b5 30. a4 a6 31. axb5 axb5 32. Re1 Nb6 33. Rfxe5
Qd3 34. Bxb6 Kxb6 35. Re6+ Kc5 36. b4+ Kc4 37. Rc6+ Kb3 38. Rxc7 Qd2 39. Rf1
Qe3+ 40. Kh1 Qe2 41. Rg1 Qd3 42. Rc5 Qe2 43. Rh5 Kxc3 44. Rxh6 Qe4 45. Rf6 Kxb4
46. Rgf1 Kc3 47. R6f3+ Kc2 48. R1f2+ Kc1 49. Kh2 b4 50. Rg3 Qg6 51. Rff3 Qg5
52. Rb3 Qe7 53. g5 1-0

[Event "12. Lichtenberger Sommer"]
[Site "Berlin"]
[Date "2013.07.20"]
[Round "1.22"]
[White "Halli, Gerhard"]
[Black "Simon, Ralf-Axel"]
[Result "1/2-1/2"]
[WhiteElo "1938"]
[BlackElo "2194"]
[PlyCount "23"]
[EventDate "2013.??.??"]
[WhiteTeam "SK 1947 Sandhausen e.V."]
[BlackTeam "TSG Neuruppin"]

1. d4 d5 2. Nf3 Nf6 3. Bf4 c5 4. c3 Qb6 5. Qb3 Nc6 6. e3 c4 7. Qxb6 axb6 8.
Nbd2 b5 9. Be2 b4 10. O-O e6 11. Ne5 Bd7 12. e4 1/2-1/2

[Event "12. Lichtenberger Sommer"]
[Site "Berlin"]
[Date "2013.07.20"]
[Round "1.23"]
[White "Gaerths, Ronny"]
[Black "Roth, Joachim"]
[Result "1-0"]
[WhiteElo "2221"]
[BlackElo "1923"]
[PlyCount "93"]
[EventDate "2013.??.??"]
[WhiteTeam "SG TT/Wiheil"]
[BlackTeam "SG Bund"]

1. d4 d5 2. Bf4 Nf6 3. e3 e6 4. Nd2 c5 5. c3 Nc6 6. Ngf3 Be7 7. Ne5 O-O 8. Bd3
Bd6 9. Bg3 Ne7 10. O-O Nf5 11. Bxf5 exf5 12. dxc5 Bxc5 13. Nd3 Bd6 14. Bxd6
Qxd6 15. Nf3 b6 16. Qa4 Bb7 17. Qf4 Qxf4 18. Nxf4 Rac8 19. Rfd1 Rfd8 20. Rd4
Rc4 21. Rad1 Rdc8 22. Ne5 Rxd4 23. Rxd4 g6 24. Ra4 a6 25. Rb4 b5 26. a4 Ra8 27.
f3 Kg7 28. Kf2 Bc8 29. axb5 axb5 30. Rxb5 Ra2 31. Rb6 Ba6 32. h4 h6 33. Nfd3
Ra1 34. Kg3 Bxd3 35. Nxd3 Rh1 36. Rb7 Nh5+ 37. Kf2 Kf6 38. Rb6+ Ke7 39. Rb7+
Kf6 40. Rd7 Rxh4 41. Rxd5 Ng7 42. Ra5 Rh1 43. b4 Ne6 44. c4 Rb1 45. Ra2 g5 46.
Rb2 Ra1 47. b5 1-0

[Event "12. Lichtenberger Sommer"]
[Site "Berlin"]
[Date "2013.07.20"]
[Round "1.24"]
[White "Bergmann, Jens"]
[Black "Lerch, Philipp"]
[Result "0-1"]
[WhiteElo "1920"]
[BlackElo "2152"]
[PlyCount "58"]
[EventDate "2013.??.??"]
[WhiteTeam "SK Tempelhof 1931 e.V."]
[BlackTeam "SK König Tegel 1949 e.V."]

1. e4 c5 2. Nf3 d6 3. b3 Nf6 4. d3 g6 5. Bb2 Bg7 6. c4 O-O 7. Nc3 Nc6 8. Be2 e6
9. Qd2 d5 10. O-O dxe4 11. dxe4 Nxe4 12. Qxd8 Rxd8 13. Nxe4 Bxb2 14. Rad1 Bd4
15. Nxd4 Nxd4 16. Kh1 b6 17. Bf3 Rb8 18. g4 Bb7 19. Nf6+ Kg7 20. Bxb7 Kxf6 21.
Bg2 Ne2 22. h4 Ke7 23. Rfe1 Rxd1 24. Rxd1 Rd8 25. Re1 Rd2 26. Bf3 Nd4 27. Be4
Rxf2 28. Bb1 Nf3 29. Rd1 Rh2# 0-1

[Event "12. Lichtenberger Sommer"]
[Site "Berlin"]
[Date "2013.07.20"]
[Round "1.25"]
[White "Rohde, Wolfgang"]
[Black "Korell, Klaus-Peter"]
[Result "1-0"]
[WhiteElo "2171"]
[BlackElo "1960"]
[PlyCount "76"]
[EventDate "2013.??.??"]
[WhiteTeam "SC Friesen Lichtenberg e.V."]
[BlackTeam "SG TT/Wiheil"]

1. Nf3 Nf6 2. c4 e6 3. g3 d5 4. Bg2 Be7 5. O-O O-O 6. d4 Nbd7 7. Qc2 c6 8. Rd1
Re8 9. Nbd2 Qc7 10. e4 dxe4 11. Nxe4 Nxe4 12. Qxe4 Nf6 13. Qe2 b6 14. Bf4 Bd6
15. Bxd6 Qxd6 16. Qe5 Qe7 17. Rac1 Bb7 18. c5 Rac8 19. Nd2 b5 20. a4 a6 21. Ra1
Ra8 22. Ra3 Red8 23. Ne4 Nxe4 24. Bxe4 Qe8 25. g4 f6 26. Qf4 Qf7 27. Qf3 Rac8
28. axb5 axb5 29. Qh3 g6 30. Qf3 Kg7 31. Ra7 Rd7 32. b4 Rdc7 33. h4 h6 34. Qf4
Qd7 35. g5 hxg5 36. hxg5 Rf8 37. Rd3 Qf7 38. gxf6+ Qxf6 1-0

[Event "12. Lichtenberger Sommer"]
[Site "Berlin"]
[Date "2013.07.20"]
[Round "1.26"]
[White "Adelberger, Georg"]
[Black "Niehaus, Frank"]
[Result "1/2-1/2"]
[WhiteElo "1924"]
[BlackElo "2208"]
[PlyCount "145"]
[EventDate "2013.??.??"]
[WhiteTeam "SC Kreuzberg e.V."]
[BlackTeam "SK König Tegel 1949 e.V."]

1. d4 Nf6 2. Nf3 g6 3. g3 Bg7 4. Bg2 O-O 5. O-O d6 6. c3 Nc6 7. b3 e5 8. dxe5
dxe5 9. Bb2 Bf5 10. Nbd2 Qe7 11. e3 Rad8 12. Qc1 Rfe8 13. Re1 e4 14. Nd4 Ne5
15. Qc2 Nd3 16. Nxf5 gxf5 17. Re2 Ng4 18. Rf1 Qc5 19. Nb1 Bh6 20. Bc1 Bg7 21.
h3 Nxc1 22. Qxc1 Ne5 23. Rd1 Nd3 24. Qc2 Rd6 25. Red2 Red8 26. Bf1 Ne5 27. Be2
Bh6 28. Rxd6 Rxd6 29. Rxd6 cxd6 30. Qd2 Nc6 31. b4 Qe5 32. Na3 Bg7 33. Nc4 Qxc3
34. Qxc3 Bxc3 35. b5 Nb4 36. Nxd6 Nxa2 37. Bc4 Nb4 38. Bxf7+ Kf8 39. Bc4 a5 40.
Bb3 b6 41. Nxf5 Nd3 42. Nd6 Nc5 43. Ba2 Be5 44. Nc4 Bc7 45. g4 Ke7 46. Kg2 Kf6
47. f4 Na4 48. Nd2 Nc3 49. Bb1 Nxb5 50. g5+ Kg7 51. Bxe4 Nc3 52. Kf3 a4 53. Nb1
Nb5 54. Bc2 a3 55. Bb3 Bd6 56. Ke4 Bc5 57. Kd3 Nc7 58. h4 Na6 59. Nc3 Nb4+ 60.
Kd2 Nc6 61. h5 h6 62. Na4 Bb4+ 63. Kc2 Ba5 64. Ba2 Nb4+ 65. Kb3 Nd5 66. Kxa3
Nxe3 67. Nb2 Nc2+ 68. Kb3 Nd4+ 69. Kc4 Ne6 70. gxh6+ Kxh6 71. f5 Nf8 72. Kb5
Kxh5 73. Nc4 1/2-1/2

[Event "12. Lichtenberger Sommer"]
[Site "Berlin"]
[Date "2013.07.20"]
[Round "1.28"]
[White "Krüger, Ekkehard"]
[Black "Höckendorf, Hartmut"]
[Result "0-1"]
[WhiteElo "1806"]
[BlackElo "2194"]
[PlyCount "64"]
[EventDate "2013.??.??"]
[WhiteTeam "SG Narva Berlin e.V."]
[BlackTeam "BSG Pneumant Fürstenwalde e.V."]

1. e4 c5 2. Nc3 d6 3. Be2 Nc6 4. f4 Nf6 5. Nf3 g6 6. d3 Bg7 7. O-O O-O 8. Kh1
Nd4 9. Be3 Ng4 10. Bg1 f5 11. h3 Nh6 12. Qd2 Nxe2 13. Qxe2 Bd7 14. Ng5 e5 15.
Be3 fxe4 16. dxe4 exf4 17. Rxf4 Qe7 18. Nd5 Qe5 19. c3 Nf5 20. Qc4 b5 21. Nf6+
Kh8 22. Nxd7 bxc4 23. Nxe5 dxe5 24. Rf3 Nxe3 25. Rxe3 Bh6 26. Rg3 Rf2 27. b4
cxb4 28. cxb4 c3 29. Kg1 Raf8 30. Nf3 Be3 31. Kh1 c2 32. Nxe5 Rf1+ 0-1

[Event "12. Lichtenberger Sommer"]
[Site "Berlin"]
[Date "2013.07.20"]
[Round "1.29"]
[White "Hermannsdörfer, Frank"]
[Black "Albinus, Günter"]
[Result "1-0"]
[WhiteElo "2228"]
[BlackElo "1844"]
[PlyCount "105"]
[EventDate "2013.??.??"]
[WhiteTeam "SV 1861 Liebschwitz"]
[BlackTeam "SG Weißensee 49 e.V."]

1. b3 d5 2. Bb2 Nd7 3. Nf3 Ngf6 4. c4 e6 5. g3 Be7 6. Bg2 O-O 7. O-O b6 8. cxd5
Nxd5 9. d4 Bb7 10. Nbd2 N5f6 11. Rc1 c5 12. Nc4 Rc8 13. dxc5 Nxc5 14. Bxf6 gxf6
15. b4 Ne4 16. a3 Qxd1 17. Rfxd1 Ba6 18. Nd4 Bxc4 19. Bxe4 b5 20. Nc6 Rc7 21.
Nxe7+ Rxe7 22. Rd2 f5 23. Bc6 Rb8 24. a4 a6 25. Bf3 Ra7 26. a5 e5 27. e4 fxe4
28. Bxe4 Kg7 29. Rd6 Re8 30. Bf5 Be6 31. Bxe6 Rxe6 32. Rxe6 fxe6 33. Rc6 Kf6
34. f3 Kf5 35. Kf2 e4 36. Rc5+ e5 37. f4 Re7 38. Ke3 Re6 39. h3 h5 40. Rd5 Re8
41. Rxe5+ Rxe5 42. fxe5 Kxe5 43. g4 hxg4 44. hxg4 Kd5 45. g5 Ke5 46. g6 Kf6 47.
Kxe4 Kxg6 48. Kd5 Kf6 49. Kc6 Ke6 50. Kb6 Kd6 51. Kxa6 Kc6 52. Ka7 Kc7 53. a6
1-0

[Event "12. Lichtenberger Sommer"]
[Site "Berlin"]
[Date "2013.07.20"]
[Round "1.30"]
[White "Fiedler, Wolfgang"]
[Black "McGowan, Daniel"]
[Result "0-1"]
[WhiteElo "2012"]
[BlackElo "2116"]
[PlyCount "70"]
[EventDate "2013.??.??"]
[WhiteTeam "SV Berolina Mitte e.V."]
[BlackTeam "Sfrd. Berlin 1903 e.V."]

1. e4 e6 2. f4 d5 3. e5 c5 4. d4 Nc6 5. Nf3 Qb6 6. a3 Bd7 7. b3 Nh6 8. Bd3 cxd4
9. b4 a5 10. b5 Ne7 11. a4 Nef5 12. Qe2 Bb4+ 13. Bd2 Be7 14. O-O O-O 15. Ng5 f6
16. Nxh7 Kxh7 17. g4 g6 18. gxf5 gxf5 19. Be1 Rg8+ 20. Kh1 Rg4 21. h3 Rg6 22.
Bh4 Qd8 23. Nd2 fxe5 24. Bxe7 Qxe7 25. fxe5 Qh4 26. Qh2 Rag8 27. Rg1 Rg3 28.
Rxg3 Rxg3 29. Bf1 Nf7 30. Rb1 d3 31. cxd3 Ng5 32. Bg2 Rxd3 33. Nf1 f4 34. Kg1
f3 35. Bh1 Nxh3+ 0-1